01636nam a2200289 a 450000100100000000500170001000800410002702000180006804000250008608200150011110000420012624501070016826000430027530000200031849000720033850001220041050000800053250001380061259000260075071000610077670000530083783000790089095201280096995201130109795201190121099900170132900004670420201002053047.0180320s2015 dr a r 000 0 spa d a9789945898088 aDO-SdBNPbspacBNPHU axxxxbI37m1 aIncháustegui, María Isabel92956810aMódulo 1. Taller 1. Prácticas sociales de lectura y de escritura /cMaría Isabel Incháustegui. aSanto Domingo :bMINERD ;bOEI,c2015. a26 p. ;c28 cm.1 aDesarrollo profesional docente, enseñanza de la lengua española aPolítica de apoyo a los aprendizajes de los primeros grados de nivel primario en lectura, escritura y matemática. aRegional educativa 05 San Pedro de Macorís, 12 Higüey, y 17 Monte Plata aA la cabeza del título: Desarrollo Profesional Docente. Capacitación de Docentes para la Enseñanza de la Lectura y la Escritura aInventariado, 2018/BT1 aRepública DominicanabMinisterio de Educación94310012aOrganización de Estados Iberoamericanos974658 0aDesarrollo profesional docente, enseñanza de la lengua española974659 001054708DSaGRbGRcHDd2018-03-20iLF1l0oxxxx I37mp46704-30r2020-06-25te. 3w2020-06-25yLFDSZPréstamo en sala 0010718PDaPDbPDcHDd2018-03-20iLF1l0oxxxx I37mp46704-10r2020-06-25w2020-06-25yLFPDZNo se presta 0010718PDaPDbPDcHDd2018-03-20iLF1l0oxxxx I37mp46704-20r2020-06-25te. 2w2020-06-25yLFPDZNo se presta c46193d46193